Responses for Show #8178 - Wednesday, March 11, 2020

Paul Trifiletti game 6.

Contestants

[<< previous game]

Laurie Amster-Burton, a help desk specialist from Seattle, Washington

Jessica Babbitt, a personal stylist from Austin, Texas

Paul Trifiletti, an attorney from Athens, Georgia (whose 5-day cash winnings total $106,801)

[next game >>]

Jeopardy! Round responses

PUT THAT SINGER'S NAME ON A POST OFFICE!
HOME DECOR BASICS
PUNNY JOB LOSS REASONS
THEIR FINAL NOVEL
(Alex: You have to identify the author for us.)
GOLD RUSH
REQUIEM FOR A SKYLINE
    $200 23
(Ray) Charles

Paul
    $200 9
paint

Jessica
    $200 6
a spectacle

Laurie
    $200 12
(Laurie: Who is Poe?)

(Charles) Dickens

JessicaLaurie
    $200 18
Gold Medal

Paul
    $200 1
Seattle

Paul
    $400 24
(Alex: Less than a minute now.)

Sinatra

Paul
    $400 10
a futon

Jessica
    $400 7
cut it

Jessica
    $400 13
(Thomas) Hardy

Laurie
    $400 19
a golden retriever

Jessica
    $400 2
Atlantic City

Paul
    $600 25
Hee Haw

Laurie
    $600 11
a niche

Laurie
    $600 8
[Laughter]

taxing

Paul
    $600 14
Lawrence

Laurie
    $600 20
Pittsburgh

Paul
    $600 3
the Garden of Allah

Triple Stumper
    $800 27
[The end-of-round signal sounds.]

mold

Paul
    $800 17
pulling teeth

Paul
    $800 15
Forester

Laurie
    $800 21
black gold

Paul
    $600 4
Chicago

Paul
    $1000 26
(Jessica: What is filigree?)

scrollwork

Jessica
Triple Stumper
    $1000 16
Thomas Wolfe

Laurie
    $1000 22
(Jessica: Who are the Graces?)

the Gorgons

Jessica
Triple Stumper
    $1000 5
a pagoda

Jessica

Scores at the first commercial break (after clue 15):

Paul Jessica Laurie
$1,800 $2,200 $2,400

Scores at the end of the Jeopardy! Round:

Paul Jessica Laurie
$5,600 $600 $4,000

Double Jeopardy! Round responses

NAME THAT INSECT
A YEAR ENDING IN 0
ISLAND NATIONS
FOE PAs
PEOPLE
SHOULD BE IN THE FOREST
(Alex: Each response will end with "T-R-Y", but will sound like "tree".)
    $400 26
a cricket

Paul
    $400 11
1930

Paul
    $400 12
Jamaica

Jessica
    $400 16
Darth Vader

Laurie
    $400 1
Ginsburg

Paul
    $400 7
symmetry

Jessica
    $800 27
a ladybug

Jessica
    $800 21
1770

Paul
    $800 13
Neptune

Laurie
    $800 25
(Alex: Fine actor, [*].)

Robert Duvall

Triple Stumper
    $800 2
(Sheryl) Sandberg

Laurie
    $800 6
the infantry

Jessica
    $1200 28
[The end-of-round signal sounds.]

a stick bug

Triple Stumper
    $3,000 14
1970

Laurie
    $1200 15
chameleons

Triple Stumper
    $1200 18
Tenenbaum

Jessica
    $1200 8
Lawrence O'Donnell

Triple Stumper
    $1200 3
idolatry

Jessica
    $1600 23
1960

Paul
    $2,500 20
(Jessica: [Sighs])
(Alex: Hurry.)
(Jessica: I don't--what--I don't know.)

Methodist

Jessica
    $1600 17
(Alex: Movie was The Shining.)

Jack Nicholson

Jessica
    $1600 9
Birchbox

Jessica
    $1600 4
paltry

Jessica
    $2000 24
1840

Triple Stumper
    $2000 22
(Alex: Yes, with less than a minute.)

Malta

Paul
    $2000 19
Walk Hard

Jessica
    $2000 10
Tim Berners-Lee

Triple Stumper
    $2000 5
(Laurie: What is geometry?)

trigonometry

JessicaLaurie

Scores at the end of the Double Jeopardy! Round:

Paul Jessica Laurie
$11,200 $11,700 $7,000

[wagering suggestions for these scores]

Final Jeopardy! Round responses

BOOK WORDS
LaurieWhat is graphic novels?
$200
PaulWhat is pop art?
$11,100
JessicaWhat are graphic novels
$11,698
graphic novels

Final scores:

Paul Jessica Laurie
$100 $23,398 $7,200
3rd place: $1,000 New champion: $23,398 2nd place: $2,000

Game dynamics:

Coryat scores:

Paul Jessica Laurie
$11,400 $14,200 $5,200
17 R
(including 1 DD),
0 W
17 R,
3 W
(including 1 DD)
11 R
(including 1 DD),
2 W

Combined Coryat: $30,800

[game clues] [game scores] [suggest correction]

Game tape date: 2020-01-14
The J! Archive is created by fans, for fans. Scraping, republication, monetization, and malicious use prohibited; this site may use cookies and collect identifying information. See terms. The Jeopardy! game show and all elements thereof, including but not limited to copyright and trademark thereto, are the property of Jeopardy Productions, Inc. and are protected under law. This website is not affiliated with, sponsored by, or operated by Jeopardy Productions, Inc. Join the discussion at JBoard.tv.